• 首页
  • 本馆介绍
  • 公告通知
  • 最新文献
  • 馆藏检索
  • 电子资源
  • 读者导购
  • 参考咨询
  • 我的图书馆
  • 登录
  • 详细信息显示
  • 放入我的书架
  • 预约/预借图书
  • 作者相关作品
  • 分类相关作品
  • 丛书相关作品
  • 出版社相关作品

书目信息

  • 表格格式
  • 工作单格式
  • 卡片格式
题名:
古韵童声
    
 
作者: ;国学编写组 编著
分册: 4  
出版信息: 上海   上海教育出版社  2017.6
页数: 43页
开本: 23cm
丛书名:
单 册:
中图分类: J642.6
科图分类:
主题词: 儿童歌曲--中国--现代--选集
电子资源:
ISBN: 978-7-5444-7647-8
000 01045nam0 2200217 450
001 5312
005 20180530152107.18
010    @a978-7-5444-7647-8@dCNY29.80
100    @a20170703d2017 em y0chiy0110 ea
101 0  @achi
102    @aCN@b310000
105    @ay z 000yy
200 1  @a古韵童声@9gu yun tong sheng@h4@f国学编写组编著
210    @a上海@c上海教育出版社@d2017.6
215    @a43页@d23cm
330    @a本书收录了《归园田居》《送元二使安西》《独坐敬亭山》《枫桥夜泊》等20篇优秀诗文,邀请了李丹芬、金月苓等著名儿童音乐作曲家,将古诗词谱写成适合儿童传唱的歌曲。通过歌唱的形式,方便儿童学习文化经典。在内容的编排上,根据古诗词的内容,为每首作品配上色彩鲜艳的图画。通过图画的直观形象,提高儿童的学习兴趣,增强对作品的理解。每首古诗均配有歌曲示范与伴奏音频,实现二维码扫码收听,力求让儿童全方位体验与学习古诗文作品,让古诗文“润物细无声”地进入儿童的心田。
606 0  @a儿童歌曲@y中国@z现代@j选集
690    @aJ642.6@v5
711 02 @a国学编写组@9guo xue bian xie zu@4编著
801  0 @aCN@b91CIP@c20170703
905    @aMuseLib@dJ642.6@e266:4
    
    古韵童声.4/国学编写组编著.-上海:上海教育出版社,2017.6
    43页;23cm
    
    
    ISBN 978-7-5444-7647-8:CNY29.80
    本书收录了《归园田居》《送元二使安西》《独坐敬亭山》《枫桥夜泊》等20篇优秀诗文,邀请了李丹芬、金月苓等著名儿童音乐作曲家,将古诗词谱写成适合儿童传唱的歌曲。通过歌唱的形式,方便儿童学习文化经典。在内容的编排上,根据古诗词的内容,为每首作品配上色彩鲜艳的图画。通过图画的直观形象,提高儿童的学习兴趣,增强对作品的理解。每首古诗均配有歌曲示范与伴奏音频,实现二维码扫码收听,力求让儿童全方位体验与学习古诗文作品,让古诗文“润物细无声”地进入儿童的心田。
●
相关链接 在E读中查询图书 在五车中查询图书 在当当中查询图书 在豆瓣中查询图书


正题名:古韵童声     索取号:J642.6/266:4         预约/预借

序号 登录号 条形码 馆藏地/架位号 状态 备注
1 1112815   211128153   第一样本阅览室/ [索取号:J642.6/266:4] 在馆    
2 1112816   211128162   教育系资料室/ [索取号:J642.6/266:4] 在馆    
3 1112817   211128171   教育系资料室/ [索取号:J642.6/266:4] 在馆    
4 1112818   211128180   第一借阅区/ [索取号:J642.6/266:4] 在馆    
唐山师范学院图书馆 欢迎您!
大连网信软件有限公司© 版权所有